| 000 | 00842cab a2200289 4500 | ||
|---|---|---|---|
| 001 | ABS46116 | ||
| 008 | 090401t1992 xxu||||| |||| 00| 0 eng d | ||
| 035 | _a(Sirsi) u56879 | ||
| 041 | _aeng | ||
| 100 | _aBeloff, M. | ||
| 245 | _aRole of the injunction in environmental law | ||
| 260 | _c1992 | ||
| 350 | _a0 | ||
| 490 |
_aNew Law Journal _v142(6545) 27 March 1992, 428-429(2) |
||
| 520 | _aDiscusses the use of injunction in environmental law. Gives examples. Refers to case law. | ||
| 650 | _aCONTEMPT OF COURT | ||
| 650 | _aCOUNTY COURTS ACT 1974 S38 | ||
| 650 | _aDISCRETIONARY | ||
| 650 | _aINJUNCTIONS | ||
| 650 | _aINTERLOCUTORY INJUNCTIONS | ||
| 650 | _aNUISANCE | ||
| 650 | _aSUPREME COURT ACT 1981 S37 | ||
| 690 | _aENVIRONMENTAL AND LAND CONSULTANCY | ||
| 690 | _aLAW | ||
| 942 | _n0 | ||
| 948 | _c04/03/1997 | ||
| 999 |
_c34713 _d34713 |
||